[Event "Rapid Chess Superleague"]
[Site "Poland POL"]
[Date "2023.10.16"]
[Round "14.2"]
[White "Piorun, K."]
[Black "Warakomski, T."]
[Result "1-0"]
[WhiteElo "2601"]
[BlackElo "2533"]
[PlyCount "69"]
[EventDate "2023.04.04"]
[EventType "rapid"]
[WhiteTeam "Wasko Hetman GKS Katowice"]
[BlackTeam "Akademia Szachowa Gliwice"]

1. Nf3 d5 2. g3 Nf6 3. Bg2 c6 4. O-O Bg4 5. h3 Bh5 6. d3 Nbd7 7. Qe1 e5 8. e4 Be7 ({RR} 8... dxe4 9. dxe4 Bxf3 10. Bxf3 Bc5 11. Nd2 O-O 12. Nb3 Bd6 13. Bd2 Qc7 14. a4 a5 15. Nxa5 b5 16. b4 bxa4 17. Rxa4 c5 18. b5 Rfb8 19. c4 Nb6 20. Ra3 Nfd7 21. Qe2 Nf8 22. Bg4 g6 23. h4 {To,N (2299)-Poupalos,N (2207) chess.com INT 2025 1-0 (35)}) ({RR} 8... dxe4 9. dxe4 Bxf3 10. Bxf3 h5 11. h4 a5 12. a4 Nc5 13. Nd2 Ne6 14. Nc4 Bb4 15. c3 Bc5 16. Qe2 g6 17. Bg2 Nd7 18. Bh3 Qe7 19. Kg2 O-O 20. Bh6 Rfd8 21. Rad1 Kh7 22. Bc1 f6 23. f4 {Neiksans,A (2587)-Warakomski,T (2541) Czech Republic CZE 2023 1-0 (31)}) 9. Nh4 O-O 10. Nf5 ({RR} 10. Nd2 Re8 11. Nb3 a5 12. a4 Nc5 13. Nxc5 Bxc5 14. Bg5 h6 15. Bd2 Nh7 16. Kh2 Nf8 17. Be3 Ne6 18. Bxc5 Nxc5 19. Qc3 b6 20. exd5 cxd5 21. d4 Ne4 22. Qd3 exd4 23. Qxd4 Rc8 24. Nf5 Qg5 {Nakamura,H (2793)-Kramnik,V (2811) Zuerich 2017 1-0 (76)}) 10... Bc5 11. Nc3 $146 ({RR} 11. Nd2 Re8 12. Nb3 Bf8 13. Be3 Bg6 14. Nh4 a5 15. Nxg6 hxg6 16. a4 d4 17. Bd2 Bb4 18. Bxb4 axb4 19. Qxb4 b6 20. h4 Nh5 21. Qd2 Qc7 22. Bh3 Nhf6 23. Qe2 Ra6 24. Ra3 Rea8 25. Rfa1 Qd6 {Ozen,B (2369)-Valgmae,T (2270) chess.com INT 2023 1-0 (42)}) 11... dxe4 12. dxe4 Re8 13. Kh2 Qc7 14. f3 a5 15. a4 Nf8 16. Nd1 Ne6 17. Nfe3 Nd4 18. Bd2 b6 19. h4 Bg6 20. Nf2 Rad8 21. Bc3 h5 22. Rd1 Ne6 23. Nd3 Bd4 24. Nc4 Nd7 25. Bh3 Bxc3 26. Qxc3 f6 27. b4 axb4 28. Qxb4 Bf7 29. Nd6 Re7 30. Nb5 c5 31. Nxc7 cxb4 32. Bxe6 Bxe6 33. Nxb4 Bc4 34. Nc6 Bxf1 35. Nxe7+ 1-0

[Event "FIDE Grand Swiss 2023"]
[Site "Douglas IOM"]
[Date "2023.10.25"]
[Round "1.44"]
[White "Cheparinov, I."]
[Black "Parligras, M."]
[Result "1-0"]
[WhiteElo "2658"]
[BlackElo "2561"]
[PlyCount "103"]
[EventDate "2023.10.25"]

1. Nf3 d5 2. g3 Nd7 3. d4 Nb6 4. b3 c6 5. a4 a5 6. Bg2 Nf6 7. O-O Bf5 $146 ({RR} 7... h6 8. Ba3 Bf5 9. c4 e6 10. Bxf8 Kxf8 11. Nbd2 Qe7 12. Re1 g5 13. Ne5 Rd8 14. e4 dxe4 15. Nxe4 Bxe4 16. Bxe4 Nbd7 17. Bg2 Nxe5 18. Rxe5 Qb4 19. Qe1 Rxd4 20. Rxa5 Qxe1+ 21. Rxe1 Ke7 22. Ra7 {Andreikin,D (2729)-Le Tuan Minh (2542) chess.com INT 2022 0-1 (43)}) 8. Nh4 Be4 9. f3 Bg6 10. Nxg6 hxg6 11. c3 Nbd7 12. e4 dxe4 13. fxe4 e5 14. Be3 Be7 15. Nd2 O-O 16. Kh1 Qc7 17. Nc4 b5 18. Nxe5 Nxe5 19. dxe5 Qxe5 20. Bd4 Qe6 21. e5 Nd5 22. axb5 cxb5 23. Qd3 Rfb8 24. Rad1 Nc7 25. Bxa8 Rxa8 26. Qf3 Ra6 27. Rd3 a4 28. bxa4 bxa4 29. Qb7 Qd5+ 30. Qxd5 Nxd5 31. Bg1 Nb6 32. Bxb6 Rxb6 33. Rd7 Re6 34. Ra7 f5 35. exf6 Bxf6 36. c4 Re2 37. Ra8+ Kf7 38. Rxa4 Rc2 39. Ra7+ Ke6 40. Ra6+ Ke5 41. Rf4 Re2 42. h4 Rc2 43. Kg1 Re2 44. Kf1 Rc2 45. Ra5+ Kd6 46. Rg4 Ke6 47. Rxg6 Rxc4 48. Kg2 Kf7 49. h5 Rc2+ 50. Kh3 Rc1 51. Ra7+ Kg8 52. h6 1-0

[Event "FIDE Grand Swiss 2023"]
[Site "Douglas IOM"]
[Date "2023.10.27"]
[Round "3.43"]
[White "Bluebaum, M."]
[Black "Sanal, V."]
[Result "1-0"]
[WhiteElo "2668"]
[BlackElo "2603"]
[PlyCount "35"]
[EventDate "2023.10.25"]

1. Nf3 d5 2. e3 Nf6 3. c4 e6 4. Nc3 Be7 5. b3 O-O 6. Bb2 b6 7. cxd5 exd5 8. d4 Bb7 9. Bd3 Nbd7 10. O-O a6 11. Ne2 Bd6 12. Ng3 g6 13. Ne5 Ne4 ({RR} 13... Qe7 14. f4 Ne4 15. Bxe4 dxe4 16. Nxd7 Qxd7 17. d5 Be7 18. f5 f6 19. fxg6 hxg6 20. Nxe4 Qxd5 21. Qxd5+ Bxd5 22. Nxf6+ Bxf6 23. Bxf6 Rae8 24. Rad1 c6 25. Rd4 Re4 26. Rxe4 Bxe4 27. Rf4 Bf5 28. Bc3 {Shankland,S (2713)-Vidit,S (2703) Biel 2019 ½-½ (43)}) 14. Bxe4 $146 ({RR} 14. Rc1 Qe7 15. Bxe4 dxe4 16. Nc6 Qh4 17. d5 Rae8 18. Qd4 f6 19. f4 Nc5 20. Rc2 a5 21. b4 axb4 22. Nxb4 Bc8 23. Bc3 Bd7 24. Nc6 Ra8 25. Qd1 Bc8 26. Nb4 Bd7 27. Nc6 Bc8 28. Nb4 Bd7 {Zhai Mo (2359)-Zhang,L (2161) Shaoxing CHN 2024 ½-½}) 14... dxe4 15. Qc2 Nf6 16. d5 Bxd5 17. Qc3 h5 18. Nd7 1-0

[Event "Titled Tue 24th Oct Early"]
[Site "chess.com INT"]
[Date "2023.10.24"]
[Round "11"]
[White "Shimanov, A."]
[Black "Rustemov, A."]
[Result "1-0"]
[WhiteElo "2566"]
[BlackElo "2525"]
[PlyCount "119"]
[EventDate "2023.10.24"]

1. Nf3 d5 2. c4 c6 3. g3 Nf6 4. Bg2 e6 5. b3 Be7 6. O-O O-O 7. Bb2 Nbd7 8. d3 b6 9. Nbd2 Bb7 10. e4 c5 11. cxd5 exd5 12. e5 Ne8 13. d4 Nc7 14. h4 $146 ({RR} 14. Re1 Ne6 15. Nf1 Qb8 16. Ne3 Rd8 17. Qc2 cxd4 18. Nxd4 Nxd4 19. Bxd4 Nc5 20. Nf5 Bf8 21. Rad1 Ne6 22. Ba1 Qc7 23. Qxc7 Nxc7 24. Nd6 Bxd6 25. exd6 Nb5 26. Re7 Bc6 27. Rc1 Be8 28. Bxd5 Rab8 {Xu,M (2305)-Zhang,X (2320) Harbin 2016 1-0 (40)}) 14... Ne6 15. Re1 Rc8 16. Nf1 c4 17. Ne3 b5 18. Nh2 Nb6 19. h5 h6 20. Nf5 Re8 21. Qg4 Kh8 22. Nf1 Bf8 23. N1e3 b4 24. bxc4 Nxc4 25. Nxc4 Rxc4 26. Bf1 a5 27. Bd3 Qg5 28. Qf3 Qd2 29. Re2 Ng5 30. Qe3 Qxe3 31. Nxe3 Rc7 32. f4 Ne4 33. Bxe4 dxe4 34. d5 Bc5 35. d6 Rc6 36. Rc1 Rec8 37. Kf2 Bb6 38. Rxc6 Rxc6 39. Rd2 Bc8 40. Bd4 Bd7 41. Bxb6 Rxb6 42. Rc2 a4 43. Nd1 Be6 44. Ke3 a3 45. Kxe4 g6 46. hxg6 fxg6 47. Ne3 b3 48. axb3 Rb4+ 49. Kd3 Rxb3+ 50. Kd2 Rb1 51. Nd5 Kg7 52. Rc7+ Kf8 53. Nc3 a2 54. Nxa2 Bxa2 55. Rc8+ Kf7 56. d7 Bb3 57. d8=Q Rd1+ 58. Ke3 Rxd8 59. Rxd8 h5 60. Rd6 1-0

[Event "Titled Tue 24th Oct Late"]
[Site "chess.com INT"]
[Date "2023.10.24"]
[Round "6"]
[White "Le, Quang Liem"]
[Black "Rustemov, A."]
[Result "1-0"]
[WhiteElo "2733"]
[BlackElo "2525"]
[PlyCount "47"]
[EventDate "2023.10.24"]

1. Nf3 d5 2. e3 c6 3. c4 Nf6 4. Nc3 a6 5. d4 b5 6. b3 Bg4 7. a4 b4 8. Ne2 dxc4 ({RR} 8... Bxf3 9. gxf3 Nbd7 10. Bg2 e5 11. O-O Bd6 12. cxd5 cxd5 13. dxe5 Bxe5 14. Ra2 Qb6 15. f4 Bc7 16. Rc2 O-O 17. Bb2 Bd8 18. Qd4 Qe6 19. Rfc1 Bb6 20. Qxb4 Rab8 21. Rc6 Qg4 22. Qe1 Rfe8 23. Bd4 {Iljiushenok,I (2547)-Serikbay,A (2163) Ershovo RUS 2024 1-0}) 9. bxc4 c5 10. Ne5 ({RR} 10. Bb2 g6 11. dxc5 Qc8 12. Nf4 Bg7 13. h3 Bf5 14. Nd5 Qxc5 15. Bd4 Qc6 16. Nxb4 Qb7 17. Nd5 Nbd7 18. Be2 e6 19. Nxf6+ Nxf6 20. O-O O-O 21. a5 Ne4 22. Bxg7 Kxg7 23. Qd4+ f6 24. Rfc1 Rab8 {Grischuk,A (2732)-Rustemov,A (2525) chess.com INT 2023 1-0 (42)}) 10... Bc8 11. Bb2 $146 ({RR} 11. Ng3 e6 12. Be2 Bb7 13. Bf3 Qc7 14. Bb2 cxd4 15. exd4 Nbd7 16. Nxd7 Qxd7 17. O-O Be7 18. Bxb7 Qxb7 19. d5 O-O 20. Re1 Rac8 21. Qe2 Rfe8 22. Rad1 Bd8 23. h3 Kf8 24. d6 Qd7 25. Qd3 Kg8 {Prraneeth,V (2485)-Manea,A (2283) Arad ROU 2023 1-0 (34)}) 11... e6 12. Ng3 Be7 13. Bd3 O-O 14. Qf3 Ra7 15. Nh5 Bb7 16. Qh3 g6 17. Nf4 Qc8 18. Rd1 Nc6 19. O-O Nxe5 20. dxe5 Ne4 21. f3 Nc3 22. Bxc3 bxc3 23. Qh6 Rd8 24. Nh5 1-0

[Event "FIDE Grand Swiss 2023"]
[Site "Douglas IOM"]
[Date "2023.11.01"]
[Round "7.45"]
[White "Maurizzi, Marc'Andria"]
[Black "Santos Latasa, J."]
[Result "1-0"]
[WhiteElo "2555"]
[BlackElo "2650"]
[PlyCount "125"]
[EventDate "2023.10.25"]

1. Nf3 {Besenthal,Klaus Guenter} Nf6 2. g3 c5 3. Bg2 Nc6 4. O-O e5 5. e4 d6 6. c3 ({RR} 6. d3 g6 7. a3 Bg7 8. Nc3 O-O 9. Rb1 a6 10. b4 b5 11. Be3 cxb4 12. axb4 h6 13. h3 Be6 14. d4 Bc4 15. Re1 Rc8 16. Qd2 Kh7 17. g4 d5 18. Nxe5 Nxe5 19. dxe5 Nxe4 20. Nxe4 dxe4 {Kramnik,V (2812)-Giri,A (2782) Paris 2016 CBM 173 [Besenthal,Klaus Guenter] 0-1 (35)}) 6... Nxe4 ({RR} 6... Be7 7. d4 cxd4 8. cxd4 Bg4 9. Be3 h5 10. d5 Nd4 11. Bxd4 exd4 12. Qxd4 Nd7 13. Nbd2 Bf6 14. Qe3 O-O 15. Nc4 Nb6 16. Rac1 Nxc4 17. Rxc4 Qb6 18. Qxb6 axb6 19. a4 Bxb2 20. Rb1 Ba3 21. h3 {Grandelius,N (2644)-Sokolovsky,Y (2545) Eforie Nord ROU 2025 ½-½ (34)}) 7. Re1 $146 ({RR} 7. d4 f5 8. dxe5 dxe5 9. Nbd2 Nxd2 10. Nxd2 Be6 11. Re1 Qd7 12. Qa4 Bd5 13. Bxd5 Qxd5 14. Nc4 O-O-O 15. Bg5 Rd7 16. Rad1 Qe6 17. Nxe5 Rxd1 18. Qxd1 Ne7 19. Nd3 Qd6 20. Qe2 Ng6 21. Qe8+ Kc7 {Giri,A (2764)-Leko,P (2663) chess24.com INT 2020 1-0 (36)}) 7... f5 8. d3 Nf6 9. b4 cxb4 10. cxb4 Qd7 11. b5 Nd8 12. Nc3 Be7 13. Qb3 Qe6 14. Qa4 O-O 15. Ba3 Qd7 16. Nd2 Nf7 17. Nc4 f4 18. d4 f3 19. dxe5 Ng5 20. e6 Qe8 21. Bf1 d5 22. Bxe7 Qxe7 23. Nb6 axb6 24. Qxa8 Bxe6 25. Qa4 Rc8 26. Rac1 Rc5 27. Qf4 h6 28. h4 Nge4 29. Qxf3 Qc7 30. Nxe4 dxe4 31. Qe3 Bxa2 32. Bg2 Bd5 33. Red1 Kh8 34. Bf1 Be6 35. Be2 Kg8 36. Qd2 Bd5 37. Rxc5 bxc5 38. Qc3 Kh8 39. Qe3 Bf7 40. Rd2 Kg8 41. Rd1 Kh8 42. Qf4 Qxf4 43. gxf4 Kh7 44. f5 Bd5 45. Rc1 b6 46. Ra1 Bb3 47. Ra6 Nd5 48. Bh5 g5 49. fxg6+ Kg7 50. Ra7+ Kg8 51. Bg4 Nf4 52. Rb7 h5 53. Bf5 Bd5 54. Rxb6 c4 55. Rc6 c3 56. Rc5 Kg7 57. Kh2 Kf6 58. b6 Bb7 59. g7 Kxg7 60. Rc7+ Kf6 61. Rxb7 Kxf5 62. Rc7 Nd5 63. Rc5 1-0

[Event "FIDE Grand Swiss 2023"]
[Site "Douglas IOM"]
[Date "2023.11.02"]
[Round "8.39"]
[White "Navara, D."]
[Black "Nguyen, Thai Dai Van"]
[Result "1-0"]
[WhiteElo "2689"]
[BlackElo "2618"]
[PlyCount "69"]
[EventDate "2023.10.25"]

1. Nf3 {Besenthal,Klaus Guenter} Nf6 2. g3 d5 3. Bg2 e6 4. O-O Be7 5. d3 O-O 6. Bf4 Nc6 ({RR} 6... c5 7. a4 Nc6 8. e4 Nh5 9. Bd2 Nf6 10. e5 Ng4 11. Qe2 f6 12. exf6 Bxf6 13. c3 Kh8 14. Na3 e5 15. h3 Nh6 16. Bxh6 gxh6 17. Rad1 Be6 18. c4 Qd7 19. cxd5 Bxd5 20. Nc4 Rae8 21. Qe3 {Theodorou,N (2619)-Navara,D (2689) Douglas IOM 2023 ½-½ (33)}) 7. a3 ({RR} 7. d4 b6 8. c4 Bb7 9. Nc3 Na5 10. cxd5 Nxd5 11. Nxd5 Bxd5 12. Qc2 Rc8 13. e4 Bb7 14. Rad1 Qd7 15. Ne5 Qb5 16. Rfe1 Rfd8 17. Bh3 Bb4 18. Re3 Bd6 19. d5 Bxe5 20. Bxe5 Nc4 21. Rb3 Qa4 {Kramnik,V (2812)-Aronian,L (2792) Leuven 2016 CBM 173 [Besenthal,Klaus Guenter] 1-0 (36)}) ({RR} 7. d4 Bd6 8. e3 Bxf4 9. exf4 Ne8 10. h4 Nd6 11. Ne5 Nxe5 12. fxe5 Nf5 13. Bh3 Ne7 14. f4 c5 15. dxc5 b6 16. c6 Nxc6 17. Nd2 Ba6 18. Rf2 Qe7 19. Nb3 Rac8 20. Qd2 Rfd8 21. Bg2 Bc4 {Bodrogi,B (2451)-Palczert,M (2409) Budapest HUN 2025 1-0 (69)}) 7... Bd6 8. Bg5 $146 ({RR} 8. Bxd6 Qxd6 9. Nbd2 a5 10. c4 d4 11. Rc1 Nd7 12. Ng5 h6 13. Nge4 Qe7 14. f4 f5 15. Nf2 e5 16. fxe5 Ndxe5 17. Nf3 Nxf3+ 18. Bxf3 Ne5 19. Qd2 Nxf3+ 20. exf3 Qe3 21. Qxe3 dxe3 22. Nh3 g5 {Daneshvar,B (2598)-Suleymanli,A (2632) chess.com INT 2024 0-1 (43)}) 8... e5 9. c4 dxc4 10. dxc4 Be6 11. Nfd2 Be7 12. Nc3 Ng4 13. Bxe7 Nxe7 14. Nb3 c6 15. Nc5 Bc8 16. Qxd8 Rxd8 17. Rfd1 Rxd1+ 18. Rxd1 f5 19. Nxb7 Bxb7 20. Rd7 Kf8 21. Rxb7 e4 22. f3 exf3 23. Bxf3 Ne5 24. b3 Ke8 25. Na4 Nd7 26. Rc7 Rb8 27. b4 a5 28. bxa5 Kd8 29. Ra7 Nc8 30. Ra6 Rb3 31. Ra8 c5 32. a6 Rxa3 33. Bc6 Kc7 34. Rxc8+ Kxc8 35. a7 1-0

[Event "FIDE Grand Swiss 2023"]
[Site "Douglas IOM"]
[Date "2023.11.03"]
[Round "9.55"]
[White "Kozak, Adam"]
[Black "Amar, Elham"]
[Result "1-0"]
[WhiteElo "2566"]
[BlackElo "2568"]
[PlyCount "96"]
[EventDate "2023.10.25"]

1. Nf3 Nf6 2. g3 d5 3. Bg2 e6 4. O-O c5 5. c4 d4 6. e3 Nc6 7. exd4 cxd4 8. d3 Bc5 9. Bg5 h6 10. Bxf6 gxf6 ({RR} 10... Qxf6 11. Nbd2 Qd8 12. Qe2 O-O 13. Ne5 Nxe5 14. Qxe5 Qd6 15. Qxd6 Bxd6 16. Rfc1 a5 17. c5 Be7 18. a3 a4 19. Rc4 Rd8 20. Rac1 Ra5 21. f4 g5 22. Ne4 Rb5 23. R1c2 Rb3 24. Bf1 Bd7 25. Rxd4 {Jakovenko,D (2748)-Eljanov,P (2717) Baku 2015 ½-½ (41)}) 11. Nbd2 Kf8 12. Rc1 ({RR} 12. Nb3 Be7 13. Qe2 a5 14. Nbd2 Ra6 15. Rfc1 a4 16. Rab1 Ra5 17. a3 h5 18. Qd1 f5 19. c5 h4 20. Rc4 hxg3 21. hxg3 Rxc5 22. Rxc5 Bxc5 23. Qxa4 Rg8 24. b4 Bb6 25. Nc4 f4 26. b5 Ne7 {Flajsman,P (2179)-Simek,P (2310) Czech Republic CZE 2025 1-0 (54)}) 12... Rb8 $146 ({RR} 12... a5 13. Re1 Ra7 14. a3 f5 15. Ne5 Nxe5 16. Rxe5 b6 17. Re1 a4 18. Qh5 Qf6 19. f4 Bd6 20. Re2 Kg7 21. Nf3 Qg6 22. Qxg6+ Kxg6 23. Kf1 Bc5 24. Ne5+ Kg7 25. Rce1 Rc7 26. Rb1 Rd8 27. Rc1 {Gorshtein,I (2528)-Kozak,A (2591) Sant Boi ESP 2024 ½-½ (41)}) 13. Ne1 Bd7 14. Nc2 b6 15. Rb1 a5 16. a3 a4 17. b4 axb3 18. Nxb3 h5 19. Qe2 Kg7 20. Nd2 Qe7 21. Nf3 Qd6 22. Rb3 Ne5 23. Nxe5 Qxe5 24. Qxe5 fxe5 25. Nb4 Ba4 26. Rb2 Rbc8 27. Re1 b5 28. cxb5 Bxb5 29. Rxe5 f6 30. Re1 e5 31. Be4 Bd6 32. Ra1 Bd7 33. Nd5 Rb8 34. Rab1 Kf7 35. Nb6 Be6 36. a4 f5 37. Bf3 e4 38. dxe4 d3 39. exf5 Bxf5 40. a5 Rbd8 41. Rb5 Bh3 42. Rd1 Rde8 43. Nc4 Bb8 44. Ne3 Rd8 45. Bxh5+ Ke7 46. Bg4 Bxg4 47. Nxg4 d2 48. Rb2 Rh5 1-0

[Event "FIDE Grand Swiss 2023"]
[Site "Douglas IOM"]
[Date "2023.11.05"]
[Round "11.24"]
[White "Rapport, R."]
[Black "Aryan, C."]
[Result "1-0"]
[WhiteElo "2752"]
[BlackElo "2634"]
[PlyCount "63"]
[EventDate "2023.10.25"]

1. Nf3 Nf6 2. g3 c5 3. Bg2 Nc6 4. O-O e5 5. d3 d5 6. e4 d4 7. a4 Bg4 ({RR} 7... Bd6 8. Na3 Be6 9. Ng5 Bg4 10. f3 Bh5 11. h4 h6 12. Nh3 Nd7 13. Nf2 g5 14. hxg5 hxg5 15. Bh3 Qe7 16. Kg2 O-O-O 17. Bd2 Kb8 18. Qe2 Nf8 19. Rh1 Ne6 20. Bg4 Bg6 21. Bf5 Rdg8 22. Rxh8 {Grischuk,A (2775)-Caruana,F (2819) Stavanger 2019 1-0 (48)}) 8. Na3 ({RR} 8. Qe1 Qd7 9. Na3 Bd6 10. Nc4 Bc7 11. Nfd2 h5 12. f3 Bh3 13. Nb3 b6 14. f4 h4 15. f5 Bxg2 16. Kxg2 hxg3 17. hxg3 O-O-O 18. Qe2 Rh7 19. Bg5 Rdh8 20. Rh1 Nh5 21. Nbd2 f6 22. Bh4 Nf4+ {Perossa,N (2266)-Riehle,M (2371) chess.com INT 2024 0-1 (36)}) 8... h6 9. Qe1 g5 $146 ({RR} 9... Be7 10. Nd2 Qd7 11. f4 exf4 12. gxf4 Bh3 13. Ndc4 Bxg2 14. Kxg2 O-O-O 15. Qg3 g6 16. Nb5 b6 17. Bd2 Qb7 18. Ne5 Nxe5 19. fxe5 Nh5 20. Qh3+ Rd7 21. Rxf7 a6 22. Rxe7 axb5 23. axb5 Rhd8 24. Qe6 {Badea,B (2487)-Alexieva,S (2360) Saint Affrique 2001 1-0}) 10. Nd2 Rg8 11. Ndc4 Qd7 12. c3 h5 13. cxd4 cxd4 14. Bd2 Nh7 15. b4 f6 16. Nc2 Ne7 17. b5 h4 18. Nb4 h3 19. Bh1 Ng6 20. Nd5 Kf7 21. Qb1 Be7 22. Rc1 Rac8 23. Qb3 Be6 24. b6 a6 25. Nc7 Ngf8 26. Bf3 g4 27. Be2 Bxc4 28. Qxc4+ Ne6 29. Qxe6+ Qxe6 30. Nxe6 Rxc1+ 31. Rxc1 Kxe6 32. Bd1 1-0

[Event "Titled Tue 31st Oct Early"]
[Site "chess.com INT"]
[Date "2023.10.31"]
[Round "3"]
[White "Nakamura, Hi"]
[Black "Halkias, S."]
[Result "1-0"]
[WhiteElo "2778"]
[BlackElo "2508"]
[PlyCount "53"]
[EventDate "2023.10.31"]

1. Nf3 Nf6 2. b3 g6 3. d4 Bg7 4. Bb2 d6 5. e3 O-O 6. Be2 a5 7. c4 ({RR} 7. O-O Bf5 8. c4 Nc6 9. a3 Ne4 10. Bd3 e5 11. g4 Bxg4 12. Bxe4 f5 13. Bd5+ Kh8 14. Qc2 e4 15. Ne1 Bh3 16. f4 g5 17. Ng2 gxf4 18. Rxf4 Rf6 19. Kh1 Rh6 20. Bxc6 bxc6 21. d5 Qg5 {Nakamura,H (2766)-Kobo,O (2534) Chess.com INT 2022 1-0 (33)}) 7... a4 ({RR} 7... Nc6 8. a3 Bg4 9. Nbd2 e5 10. dxe5 Nd7 11. O-O dxe5 12. Ne4 h6 13. h3 Be6 14. Nc3 Nc5 15. Qc2 Qc8 16. Rad1 Kh7 17. Nd5 f5 18. b4 axb4 19. axb4 Na4 20. Ba1 Bxd5 21. cxd5 Nxb4 22. Qb3 {Nakamura,H (2788)-Kanakaris,G (2400) chess.com INT 2024 1-0 (40)}) 8. b4 c5 9. a3 Bf5 $146 ({RR} 9... Qb6 10. b5 Ne4 11. O-O Be6 12. Nbd2 Nxd2 13. Qxd2 {½-½ (13) Borges,L (2187)-Gattass,A (2256) Sao Jose do Rio Preto 2012}) 10. O-O Nbd7 11. Nh4 Bxb1 12. Rxb1 cxb4 13. axb4 b5 14. c5 Qb8 15. Ba3 Rd8 16. Qd3 Nd5 17. Rfc1 e5 18. dxe5 dxc5 19. Qxd5 cxb4 20. Bxb4 Nxe5 21. Qxb5 a3 22. Ra1 Qxb5 23. Bxb5 Rdb8 24. Rxa3 Rxa3 25. Bxa3 Bf6 26. Bd6 Rxb5 27. Rc8+ 1-0

[Event "Titled Tue 31st Oct Late"]
[Site "chess.com INT"]
[Date "2023.10.31"]
[Round "6"]
[White "Pranav, V."]
[Black "Gokerkan, Cem Kaan"]
[Result "1-0"]
[WhiteElo "2611"]
[BlackElo "2523"]
[PlyCount "71"]
[EventDate "2023.10.31"]

1. Nf3 Nf6 2. g3 g6 3. Bg2 Bg7 4. O-O O-O 5. d3 d5 6. Nbd2 c5 7. e4 dxe4 8. dxe4 Nc6 9. Re1 e5 10. c3 h6 11. Qc2 Qc7 12. Nc4 Be6 13. Ne3 Rfd8 14. b3 ({RR} 14. a4 Rd7 15. Nd2 Rad8 16. Ndc4 b6 17. Na3 Na5 18. c4 Nc6 19. Nd5 Bxd5 20. cxd5 Nd4 21. Qd3 Ne8 22. Nb5 Qb8 23. f4 Nd6 24. fxe5 N6xb5 25. axb5 Qxe5 26. Bf4 Qe8 27. h4 Rc8 28. e5 Nf5 {Sai,K (2365)-Demaria,J (2215) chess.com INT 2025 1-0 (31)}) 14... b5 $146 ({RR} 14... Rac8 15. Bb2 b5 16. Rad1 Qa5 17. Bc1 b4 18. c4 Nd4 19. Qb1 Bg4 20. Nxg4 Nxg4 21. Nxd4 exd4 22. Bh3 h5 23. Bg2 d3 24. h3 Bc3 25. Bd2 Ne5 26. f4 Nc6 27. e5 Nd4 28. Qxd3 Nxb3 29. Bd5 {Klement,L (2247)-Formanek,M (2228) Czech Republic 2017 ½-½ (83)}) 15. Bb2 a5 16. Bf1 b4 17. Rac1 Rac8 18. Qb1 bxc3 19. Bxc3 Qb8 20. Bc4 Nd4 21. Nd2 Bxc4 22. Nexc4 a4 23. bxa4 Qa7 24. Bxd4 Rxd4 25. Nf3 Rdd8 26. Nfxe5 Nd7 27. Nxd7 Rxd7 28. e5 Rd4 29. e6 fxe6 30. Qxg6 Rf8 31. Qxe6+ Kh8 32. a5 Qa8 33. Re3 Rdd8 34. Ne5 Rde8 35. Ng6+ Kh7 36. Nxf8+ 1-0

[Event "24th European Teams"]
[Site "Budva MNE"]
[Date "2023.11.11"]
[Round "1.2"]
[White "Sargissian, G."]
[Black "Djukic, Ni"]
[Result "1-0"]
[WhiteElo "2686"]
[BlackElo "2518"]
[PlyCount "61"]
[EventDate "2023.11.11"]
[WhiteTeam "Armenia"]
[BlackTeam "Montenegro"]
[WhiteTeamCountry "ARM"]
[BlackTeamCountry "MNE"]

1. Nf3 c5 2. c4 Nc6 3. Nc3 e5 4. e3 Nf6 5. d4 e4 6. d5 exf3 7. dxc6 dxc6 8. Qxd8+ Kxd8 9. gxf3 g6 10. b3 Bg7 11. Bb2 b6 12. O-O-O+ ({RR} 12. Bg2 Bf5 13. O-O-O+ Kc7 14. Ne2 Nh5 15. Ng3 Bxb2+ 16. Kxb2 Nxg3 17. fxg3 h5 18. h4 Be6 19. Bh3 Bxh3 20. Rxh3 Rhe8 21. Rd3 b5 22. Kc3 a5 23. Rh2 Rad8 24. Rxd8 Kxd8 25. Kd3 Kd7 26. g4 Rh8 {Mitrabha,G (2505)-Das,A (2345) Melbourne AUS 2025 ½-½ (34)}) 12... Kc7 13. h4 Bf5 14. Ne2 h5 $146 ({RR} 14... Nh5 15. Bxg7 Nxg7 16. Ng3 h5 17. Bd3 Bxd3 18. Rxd3 Rad8 19. Rxd8 Rxd8 20. Kc2 a5 21. Ne4 Nf5 22. a4 Kd7 23. Ng3 Nd6 24. Rd1 Ke7 25. e4 Nb7 26. f4 Rxd1 27. Kxd1 Nd6 28. e5 Nf5 29. Nxf5+ {Sebenik,M (2515)-Preotu,R (2451) Budapest HUN 2024 ½-½ (31)}) 15. Ng3 Be6 16. Be5+ Kb7 17. f4 Ne8 18. Bh3 Bxh3 19. Rxh3 Kc8 20. Ne4 Rg8 21. Nd6+ Nxd6 22. Rxd6 Kb7 23. Rd7+ Ka6 24. Rxf7 Bxe5 25. fxe5 g5 26. hxg5 Rxg5 27. e6 Re5 28. e7 Re8 29. Kd2 Ka5 30. a3 b5 31. f4 1-0

[Event "24th European Teams"]
[Site "Budva MNE"]
[Date "2023.11.11"]
[Round "1.9"]
[White "Warmerdam, Max"]
[Black "Bogner, S."]
[Result "1-0"]
[WhiteElo "2638"]
[BlackElo "2536"]
[PlyCount "67"]
[EventDate "2023.11.11"]
[WhiteTeam "Netherlands"]
[BlackTeam "Switzerland"]
[WhiteTeamCountry "NED"]
[BlackTeamCountry "SUI"]

1. Nf3 d5 2. g3 g6 3. c4 dxc4 4. Na3 Bg7 5. Nxc4 c5 ({RR} 5... Nc6 6. d3 Nh6 7. h4 Be6 8. Bd2 Ng4 9. Bg2 h5 10. O-O O-O 11. Rc1 Bd5 12. b4 Qd7 13. a4 a6 14. Qc2 Rac8 15. e3 b5 16. axb5 axb5 17. e4 Be6 18. Ne3 Nxe3 19. fxe3 Ne5 20. d4 {Ding,L (2791)-Caruana,F (2835) chess24.com INT 2020 ½-½ (51)}) 6. Bg2 Nc6 7. d3 Nh6 ({RR} 7... Nf6 8. Be3 Nd5 9. Bxc5 b6 10. e4 Nc3 11. Qc2 Nxe4 12. Ba3 Nc5 13. O-O O-O 14. d4 Bf5 15. Qd1 Bd3 16. dxc5 Bxc4 17. Re1 b5 18. b3 Qa5 19. bxc4 Bxa1 20. Qxa1 Qxa3 21. cxb5 Nb4 22. Nd4 {Makarian,R (2550)-Yilmaz,M (2587) chess.com INT 2024 0-1 (32)}) 8. Be3 $146 ({RR} 8. h4 O-O 9. h5 Ng4 10. Bd2 Be6 11. hxg6 hxg6 12. Rc1 Rc8 13. Ng5 Bd5 14. Kf1 Bxg2+ 15. Kxg2 Qd5+ 16. e4 Qd7 17. Rh4 Nge5 18. Qh1 {1-0 (18) Grandelius,N (2656)-Bilych,O (2342) Chess.com INT 2022}) 8... Be6 9. O-O b6 10. Nfe5 Nxe5 11. Nxe5 Bxe5 12. Bxa8 Qxa8 13. Bxh6 Bxb2 14. Rb1 Bd4 15. e3 Bf6 16. d4 cxd4 17. exd4 g5 18. Rc1 Qb7 19. Qc2 Bh3 20. f3 Bxf1 21. Rxf1 Bxd4+ 22. Kg2 Bc5 23. Bg7 Rg8 24. Qxh7 Rxg7 25. Qh8+ Kd7 26. Rd1+ Bd6 27. Qxg7 f6 28. Qg6 Qc6 29. Rd2 Kc7 30. h4 gxh4 31. gxh4 Qb5 32. Rc2+ Bc5 33. h5 Kd7 34. h6 1-0

[Event "24th European Teams"]
[Site "Budva MNE"]
[Date "2023.11.12"]
[Round "2.12"]
[White "Mamedov, Rau"]
[Black "Gazik, Viktor"]
[Result "1-0"]
[WhiteElo "2644"]
[BlackElo "2547"]
[PlyCount "103"]
[EventDate "2023.11.11"]
[WhiteTeam "Azerbaijan"]
[BlackTeam "Slovakia"]
[WhiteTeamCountry "AZE"]
[BlackTeamCountry "SVK"]

1. Nf3 Nf6 2. g3 g6 3. Bg2 Bg7 4. O-O O-O 5. d4 d6 6. Re1 Nbd7 7. a4 a5 ({RR} 7... e5 8. e4 Re8 9. Nc3 exd4 10. Nxd4 c6 11. Bf4 Ne5 12. h3 a5 13. g4 Qb6 14. b3 Nfxg4 15. hxg4 Nxg4 16. Nce2 d5 17. Qd3 dxe4 18. Bxe4 f5 19. Bf3 Rxe2 20. Nxe2 Qxf2+ 21. Kh1 Qh4+ 22. Kg1 {Marchesich,G (2197)-Pon,M (2185) chess.com INT 2023 0-1 (35)}) 8. Nc3 $146 ({RR} 8. e4 e5 9. Nc3 b6 10. dxe5 dxe5 11. Bf1 Bb7 12. Bc4 Nc5 13. Qxd8 Raxd8 14. Bg5 h6 15. Bxf6 Bxf6 16. Nd5 Kg7 17. Nc3 Rd6 18. Bd5 c6 19. Bc4 Rfd8 20. h4 Bc8 21. Kg2 h5 22. Rab1 Bg4 {Bindrich,F (2512)-Hebden,M (2542) Hastings 2008 ½-½ (41)}) ({RR} 8. Na3 Nb6 9. b3 Bf5 10. Nh4 Be4 11. f3 Bc6 12. e4 Ne8 13. Bg5 f6 14. Be3 d5 15. c4 e6 16. exd5 exd5 17. c5 Nc8 18. f4 f5 19. Nf3 Nf6 20. Ne5 Ne7 21. h3 Ne4 22. Kh2 g5 {Saric,I (2548)-Bosiocic,M (2597) Jahorina 2018 ½-½ (56)}) 8... e5 9. dxe5 dxe5 10. Nd2 c6 11. Nc4 Qc7 12. Qd6 Qxd6 13. Nxd6 Nb6 14. Rd1 Rd8 15. Be3 Nbd5 16. Bxd5 cxd5 17. Nxd5 Nxd5 18. Rxd5 Bg4 19. f3 Be6 20. Rd3 e4 21. Nxe4 Bc4 22. Rxd8+ Rxd8 23. Kf2 Bxb2 24. Rb1 Bg7 25. Rxb7 Bd5 26. Rb5 f5 27. Bg5 Rd7 28. Nf6+ Bxf6 29. Bxf6 Bc6 30. Rxa5 Rd2 31. c3 Ra2 32. Ra7 Bxa4 33. Rg7+ Kf8 34. Rxh7 Bb5 35. Re7 Rc2 36. Re3 Kf7 37. Bg5 Bc4 38. h3 Bb5 39. g4 fxg4 40. hxg4 Bc4 41. Bd8 Bb5 42. Bb6 Bc4 43. Bd4 Ra2 44. Re5 Ba6 45. f4 Bc4 46. Kf3 Rd2 47. f5 g5 48. Rc5 Bxe2+ 49. Ke3 Ra2 50. Rc7+ Ke8 51. f6 Kd8 52. f7 1-0